Closest Genetic Populations to the Finnish - Statistics

General Stats
  • This quiz has been taken 46 times
  • The average score is 7 of 12
Answer Stats
Genetic Distance Ethnicity % Correct
5.498 Swedish
100%
1.973 Russian
98%
3.342 Estonian
93%
5.420 Latvian
88%
4.890 Lithuanian
84%
5.384 Polish
70%
4.832 Belarusian
65%
4.348 Ukrainian
65%
1.377 Karelian
49%
1.148 Ingrian
14%
2.831 Mordvin
5%
2.251 Vepsian
5%
No matching quizzes found
Score Distribution
Percent of People with Each Score
Percentile by Number Answered
Your Score History
You have not taken this quiz